Room at the top / (Record no. 18677)
[ view plain ]
| 000 -LEADER | |
|---|---|
| fixed length control field | 00639cam a22002171a 4500 |
| 001 - CONTROL NUMBER | |
| control field | 18677 |
| 003 - CONTROL NUMBER IDENTIFIER | |
| rucl marc code | BD-RjUL |
| 005 - DATE AND TIME OF LATEST TRANSACTION | |
| control field | 20211209000323.0 |
| 008 - FIXED-LENGTH DATA ELEMENTS--GENERAL INFORMATION | |
| fixed length control field | 140222r19611957enk f 0 eng d |
| 035 ## - SYSTEM CONTROL NUMBER | |
| System control number | (BD-RjUL)18735 |
| 040 ## - CATALOGING SOURCE | |
| Original cataloging agency | ZNUCD |
| Language of cataloging | eng |
| Transcribing agency | ZNUCD |
| Modifying agency | XNTU |
| -- | BD-RjUL |
| 041 ## - LANGUAGE CODE | |
| Language code of text/sound track or separate title | eng |
| 082 ## - DEWEY DECIMAL CLASSIFICATION NUMBER | |
| Classification number | 823.91 |
| Author mark and year | BRR 1961 |
| 100 1# - MAIN ENTRY--PERSONAL NAME | |
| Personal name | Braine, John. |
| 9 (RLIN) | 57515 |
| 245 10 - TITLE STATEMENT | |
| Title | Room at the top / |
| Statement of responsibility, etc. | John Braine |
| 260 ## - PUBLICATION, DISTRIBUTION, ETC. (IMPRINT) | |
| Place of publication, distribution, etc. | London : |
| Name of publisher, distributor, etc. | Penguin Books, |
| Date of publication, distribution, etc. | 1957 [reprinted 1961] |
| 300 ## - PHYSICAL DESCRIPTION | |
| Pagination | 234 p. : |
| Size | 19 cm. |
| 500 ## - GENERAL NOTE | |
| General note | Ed. transcribed: Harmondsworth : Penguin, 1959. |
| 650 ## - SUBJECT ADDED ENTRY--TOPICAL TERM | |
| Topical term or geographic name as entry element | Working class |
| Form subdivision | Fiction. |
| Geographic subdivision | England |
| 9 (RLIN) | 57516 |
| 942 ## - ADDED ENTRY ELEMENTS (KOHA) | |
| Source of classification or shelving scheme | Dewey Decimal Classification |
| Koha item type | Books |
| Lost status | Source of classification or shelving scheme | Damaged status | Not for loan | Collection code | Permanent Location | Current Location | Shelving location | Date acquired | Source of acquisition | Cost, normal purchase price | Total Checkouts | Full call number | Date last seen | Copy number | Koha item type |
|---|---|---|---|---|---|---|---|---|---|---|---|---|---|---|---|
| Dewey Decimal Classification | Not For Loan | Fiction | Central Library, University of Rajshahi | Central Library, University of Rajshahi | Reading Room | 06/04/1964 | Zeitlinger | 3.60 | 823.91 BRR 1961 | 22/02/2014 | C-1 | Books |